00747nam a2200205 a 450000100060000000300080000600500170001400800410003103500440007204000370011604100080015308200220016124501330018326000590031630000290037550000310040450400290043565000350046470000420049919131BD-RjUL20211209000405.0140223s1955 -ukacb edb 000 0 eng d aOCLC 01870370 from fd09a(BD-RjUL)19189 aDLCcFQGdEQOdEQOdBD-RjULbeng aeng a032221bENC 195510aEncyclopaedia Britannica :ba new survey of universal knowledge /cWalter Yust, ...[et. al.], ed.nVolume 8 :pEDWARD to EXTRACT aChicago ;aLondon :bEncyclopaedia Britannica,cc1955. a998 p.:bill. ;c28 cm. aIndex and atlas - Vol. 24. aIncludes bibliographies. 0aEncyclopedias and dictionaries1 aYust, Walter,...[et. al.], ed.d1894-